000 01411nam a22003857a 4500
003 CHAP
005 20220329143352.0
008 090105s2006 us a r 00010 eng d
010 _a95613
011 _a96585
020 _a1578082447
035 _a107239
040 _cCHAP
082 0 4 _a631.45
_bH36
100 1 _aHellin, Jon.
_953457
245 1 0 _aBetter land husbandry :
_bfrom soil conservation to holistic land management
_c/por Jon Hellin
260 _aEnfield, US :
_bScience,
_c2006
300 _axiv, 315 p. :
_bilus., gráfs., cuadros
490 0 _aLand reconstruction and management
_v; 4
500 _aIncluye bibliografía p. 268
590 _aBATCH-UPD
_b10
_c20130110
_lUCH01
_h0401
590 _aBATCH-UPD
_b10
_c20130110
_lUCH01
_h2006
590 _aBATCH-UPD
_b10
_c20130410
_lUCH01
_h0034
590 _aBATCH-UPD
_b10
_c20130410
_lUCH01
_h1547
590 _aBATCH-UPD
_b10
_c20130914
_lUCH01
_h1317
590 _aCONVERSION
_b10
_c20130109
_lUCH01
_h1353
650 0 4 _aErosión
_xPrevención y control.
_937337
650 0 4 _aSuelos
_xConservación.
_9110283
650 0 4 _aSuelos
_xFertilidad.
_9110367
830 0 _aLand reconstruction and management
_v; 4
_964632
901 _aBK
942 _cLIBRO
949 _a631.45 H36
_bBC
_cLIBRO
_d33724002069314
_eLIBRO
_gI.c/e
_h110300
_i107239
_sb
_t$654.50
949 _a631.45 H36
_bBC
_cLIBRO
_d33724002069355
_eLIBRO
_fc.2
_gI.c/e
_h110301
_i107239
_sb
_t$654.50
999 _c95613
_d95613